The Impact of Changes of National Competitiveness on FDI Inflows in the New EU Member States

Saved in:
Bibliographic Details
Main Author: Dudáš, Tomáš, 1976-
Format: Book Chapter
Language:English
Tags: Add Tag
No Tags, Be the first to tag this record!

MARC

LEADER 00000naa$a2200000$$$4500
001 0183810
005 20240502083433.1
041 0 |a eng 
044 |a RU 
245 1 0 |a The Impact of Changes of National Competitiveness on FDI Inflows in the New EU Member States  |c Tomáš Dudáš 
100 1 |a Dudáš, Tomáš, 1976-